The urban pattern : (Record no. 542709)
[ view plain ]
| 000 -LEADER | |
|---|---|
| fixed length control field | 00579pam a2200181 a 4500 |
| 020 ## - INTERNATIONAL STANDARD BOOK NUMBER | |
| International Standard Book Number | 0442227310 (pbk.) |
| 082 00 - DEWEY DECIMAL CLASSIFICATION NUMBER | |
| Classification number | 361.6094 |
| Author Mark | GAL |
| -- | N-01,P-97 |
| 100 1# - MAIN ENTRY--PERSONAL NAME | |
| Personal name | Gallion, Arthur B. |
| 9 (RLIN) | 37999 |
| 245 14 - TITLE STATEMENT | |
| Title | The urban pattern : |
| Remainder of title | city planning and design / |
| Statement of responsibility, etc. | Arthur B. Gallion, Simon Eisner. |
| 250 ## - EDITION STATEMENT | |
| Edition statement | 5th ed. |
| 260 ## - PUBLICATION, DISTRIBUTION, ETC. | |
| Place of publication, distribution, etc. | New York, NY : |
| Name of publisher, distributor, etc. | Van Nostrand Reinhold, |
| Date of publication, distribution, etc. | c1986. |
| 300 ## - PHYSICAL DESCRIPTION | |
| Extent | xi, 643 p. : |
| Other physical details | ill., plans ; |
| Dimensions | 23 cm. |
| 500 ## - GENERAL NOTE | |
| General note | Includes index. |
| 526 ## - STUDY PROGRAM INFORMATION NOTE | |
| Program name | 0 |
| Interest level | 0 |
| Reading level | 0 |
| Title point value | 361_609400000000000_GAL |
| 650 #0 - SUBJECT ADDED ENTRY--TOPICAL TERM | |
| Topical term or geographic name entry element | MCE |
| 9 (RLIN) | 379 |
| 700 1# - ADDED ENTRY--PERSONAL NAME | |
| Personal name | Eisner, Simon. |
| 9 (RLIN) | 38000 |
| 942 ## - ADDED ENTRY ELEMENTS (KOHA) | |
| Source of classification or shelving scheme | |
| Koha item type | Book |
| Withdrawn status | Lost status | Source of classification or shelving scheme | Damaged status | Not for loan | Permanent Location | Current Location | Date acquired | Total Checkouts | Full call number | Barcode | Date last seen | Price effective from | Koha item type |
|---|---|---|---|---|---|---|---|---|---|---|---|---|---|
| Military College of Engineering (MCE) | Military College of Engineering (MCE) | 02/12/2014 | 361.6094 GAL | MCE-36676 | 02/12/2014 | 02/12/2014 | Book |
